Les Classes des comptes (PCG) - Statistiques

Statistiques générales
  • Ce quiz a été pris 13 fois
  • Le résultat moyen est 7 sur 8
Statistiques - réponses
Hint Réponse % Correct
Classe 3 Comptes de stocks et en-cours
100%
Classe 4 Comptes de tiers
100%
Classe 6 Comptes de charges
91%
Classe 7 Comptes de produits
91%
Classe 2 Comptes d'immobilisation
91%
Classe 5 Comptes financier
91%
Classe 1 Comptes de capitaux
82%
Classe 8 Comptes spéciaux
64%
Aucun quiz correspondant
Distribution des résultats
% des personnes avec chaque résultat
Percentile par nombre de réponses
Votre historique - résultats
Vous n’avez pas pris ce quiz